000 00641nam a2200217Ia 4500
003 GCL
008 140319s9999 xx 000 0 ara d
040 _aGCL /
_cGCL
082 0 4 _a550
_bم ح
100 1 _aفؤاد عباس
245 1 0 _aحقائق عن الارض /
_cفؤاد عباس
700 1 _aفؤاد عبدالعال
700 1 _aالشاذلى محمد الشاذلى
700 1 _aمور، باتريك
300 _a171 ص
490 _aالالف كتاب
_v0
650 0 4 _aالجيولوجيا البنائية
650 0 4 _aالعصور الجيولوجية
650 0 4 _aالارض - نشأة
942 _2ddc
_cBK
999 _c45863
_d45863